Top 15 der betroffenen Covid-19-Länder - 3. Juni - Statistiken

Allgemein
  • Dieses Quiz wurde 18 mal gespielt
  • Das Durchschnittsergebnis liegt bei 15 aus 25
Antwortstatistiken
Land % Korrekt
Deutschland
100%
Italien
100%
Brasilien
94%
Frankreich
94%
Indien
94%
Spanien
94%
Vereinigte Staaten
94%
Russland
88%
Vereinigtes Königreich
88%
Mexiko
75%
Schweden
69%
Kanada
63%
Iran
50%
Irland
50%
Peru
50%
Belgien
44%
Chile
44%
Chile
44%
Türkei
44%
Weißrussland
38%
Bahrain
31%
Katar
31%
Kuwait
25%
Singapur
13%
Vereinigte Arabische Emirate
13%
Keine übereinstimmenden Quizze gefunden
Verteilung der Resultate
Anzahl Personen mit jedem Resultat
Perzentil nach korrekt beantworteten Fragen
Ihre Resultats-Entwicklung
Sie haben dieses Quiz noch nicht gespielt